Tímová koncepcia reinžinieringu podnikových procesov bakalárska práca

Salvato in:
Dettagli Bibliografici
Autore principale: Kizáková, Dominika
Ente Autore: Podnikovohospodárska fakulta EU so sídlom v Košiciach. Katedra manažmentu
Altri autori: Dugas, Jaroslav, 1967-
Natura: Libro
Lingua:slovacco
Pubblicazione: Košice 2015
Tags: Aggiungi Tag
Nessun Tag, puoi essere il primo ad aggiungerne!!

MARC

LEADER 00000nbm a2200000 4500
001 0206356
005 20161212094605.5
041 0 |a slo 
044 |a SK 
245 1 0 |a Tímová koncepcia reinžinieringu podnikových procesov  |b bakalárska práca  |c Dominika Kizáková ; školiteľ: Jaroslav Dugas 
264 1 |a Košice  |c 2015 
300 |a 52 s. 
100 1 |a Kizáková, Dominika 
700 1 |a Dugas, Jaroslav, 1967- 
710 2 |a Podnikovohospodárska fakulta EU so sídlom v Košiciach. Katedra manažmentu